Textbook of Mental Health Nursing (Record no. 159197)
[ view plain ]
| 000 -LEADER | |
|---|---|
| fixed length control field | 00379nam a2200145Ia 4500 |
| 008 - FIXED-LENGTH DATA ELEMENTS--GENERAL INFORMATION | |
| fixed length control field | 230519s9999 xx 000 0 und d |
| 020 ## - INTERNATIONAL STANDARD BOOK NUMBER | |
| International Standard Book Number | 978-93-81390-16-0 |
| 041 ## - LANGUAGE CODE | |
| Language code of text/sound track or separate title | eng |
| 082 ## - DEWEY DECIMAL CLASSIFICATION NUMBER | |
| Classification number | PS/610.7365/GUP/DB0394 |
| 100 ## - MAIN ENTRY--PERSONAL NAME | |
| Personal name | Gupta Ram |
| 245 ## - TITLE STATEMENT | |
| Title | Textbook of Mental Health Nursing |
| 260 ## - PUBLICATION, DISTRIBUTION, ETC. (IMPRINT) | |
| Name of publisher, distributor, etc. | S Vikas and Co |
| Place of publication, distribution, etc. | Jalandhar |
| Date of publication, distribution, etc. | 2014 |
| 300 ## - PHYSICAL DESCRIPTION | |
| Extent | 560p |
| Withdrawn status | Lost status | Damaged status | Not for loan | Collection code | Home library | Current library | Date acquired | Cost, normal purchase price | Bill number | Total Checkouts | Total Renewals | Full call number | Barcode | Date last seen | Date last checked out | Bill Date | Koha item type | Original Barcode |
|---|---|---|---|---|---|---|---|---|---|---|---|---|---|---|---|---|---|---|
| Smt. Bakul Tambat Institute of Nursing Education | Smt. Bakul Tambat Institute of Nursing Education | 01/07/2015 | 625.00 | 79 | 19 | 16 | PS 610.7365 GUP DB0394 | BTIN-DB-394 | 13/05/2026 | 01/07/2025 | 20/05/2015 | Donated Book | DB0394 | |||||
| Smt. Bakul Tambat Institute of Nursing Education | Smt. Bakul Tambat Institute of Nursing Education | 20/04/2018 | 725.00 | 79 | 20 | 9 | PS 610.7365 GUP DB0688 | BTIN-DB-688 | 16/08/2025 | 16/07/2025 | 20/05/2015 | Donated Book | DB0688 | |||||
| Smt. Bakul Tambat Institute of Nursing Education | Smt. Bakul Tambat Institute of Nursing Education | 29/08/2018 | 425.00 | 79 | 19 | 14 | PS 610.7365 GUP DB0732 | BTIN-DB-732 | 16/08/2025 | 02/08/2025 | 20/05/2015 | Donated Book | DB0732 |